000
00326nam a22001217a 4500
999
_c
3425
_d
3425
005
20201201120730.0
008
201201b ||||| |||| 00| 0 eng d
020
_a
0340859687
040
_c
CML
245
_a
Islam.
_c
Maqsood R.W.
260
_a
UK
_b
Hdder Arnold
_c
1994
942
_2
ddc
_c
BK
_e
1st Edition
_h
276
_m
MUG